Statistics for All Formula 1 race starters 2010–present

Click here to take the quiz!

General Stats

  • This quiz has been taken 3,893 times
    (2,458 since last reset)
  • The average score is 37 of 63

Answer Stats

Year(s) active Driver No. of races Team(s) Nationality % Correct
2007–presentLewis Hamilton164McLaren, MercedesUK
100%
2007–presentSebastian Vettel163Red Bull, FerrariGermany
99%
2001, 2003–presentFernando Alonso160Ferrari, McLarenSpain
97%
2006–16Nico Rosberg136MercedesGermany
95%
2002, 2004–17Felipe Massa155Ferrari, WilliamsBrazil
94%
2011–presentSergio Pérez142Sauber, McLaren, Force IndiaMexico
94%
2013–presentValtteri Bottas105Williams, MercedesFinland
94%
2000–17Jenson Button136McLarenUK
93%
2001–09, 2012–presentKimi Räikkönen123Lotus, FerrariFinland
93%
2015–presentMax Verstappen68Toro Rosso, Red BullNetherlands
93%
2010, 2012–presentNico Hülkenberg143Williams, Force India, Sauber, RenaultGermany
92%
2011–presentDaniel Ricciardo139HRT, Toro Rosso, Red BullAustralia
92%
2009, 2012–presentRomain Grosjean123Lotus, HaasFrance
91%
2002–13Mark Webber77Red BullAustralia
89%
2015–presentCarlos Sainz68Toro Rosso, RenaultSpain
87%
2014–presentKevin Magnussen68McLaren, Renault, HaasDenmark
86%
1991–2006, 2010–12Michael Schumacher58MercedesGermany
86%
2014–17Daniil Kvyat72Toro Rosso, Red BullRussia
85%
2011–15Pastor Maldonado95Williams, LotusVenezuela
80%
2014–presentMarcus Ericsson84Caterham, SauberSweden
76%
2006–10Robert Kubica19RenaultPoland
72%
2018–presentCharles Leclerc8SauberMonaco
71%
2017–presentLance Stroll28WilliamsCanada
71%
2016–presentEsteban Ocon37Manor, Force IndiaFrance
67%
2017–presentPierre Gasly13Toro RossoFrance
66%
2009–12, 2014Kamui Kobayashi73Sauber, CaterhamJapan
66%
2013–14 †Jules Bianchi34MarussiaFrance
61%
2007–13Heikki Kovalainen59Lotus, Caterham, LotusFinland
60%
2007–11, 2013–14Adrian Sutil76Force India, SauberGermany
59%
2016–presentStoffel Vandoorne28McLarenBelgium
58%
1993–2011Rubens Barrichello38WilliamsBrazil
54%
2010–12Vitaly Petrov57Renault, CaterhamRussia
54%
2013–14, 2016Esteban Gutiérrez59Sauber, HaasMexico
54%
2017–presentBrendon Hartley12Toro RossoNew Zealand
53%
2011–13, 2017Paul di Resta59Force India, WilliamsUK
53%
2010–12Bruno Senna46HRT, Renault, WilliamsBrazil
52%
2009–11Sébastien Buemi38Toro RossoSwitzerland
51%
2012–14Jean-Éric Vergne58Toro RossoFrance
51%
2018–presentSergey Sirotkin8WilliamsRussia
49%
2016–17Pascal Wehrlein39Manor, SauberGermany
49%
2004, 2008–12Timo Glock55Virgin, MarussiaGermany
47%
2016–17Jolyon Palmer35RenaultUK
46%
1997–2011Jarno Trulli36LotusItaly
46%
2015–16Felipe Nasr39SauberBrazil
41%
2012–13Charles Pic39Marussia, CaterhamFrance
39%
2017Antonio Giovinazzi2SauberItaly
39%
2000–11Nick Heidfeld17Sauber, RenaultGermany
37%
1999–2002, 2005–06, 2010–12Pedro de la Rosa33Sauber, HRTSpain
36%
2013–14Max Chilton35MarussiaUK
35%
2005, 2011–12Narain Karthikeyan27HRTIndia
32%
2005–07, 2009–11Vitantonio Liuzzi36Force India, HRTItaly
32%
2013Giedo van der Garde19CaterhamNetherlands
30%
2009–11Jaime Alguersuari38Toro RossoSpain
30%
2016Rio Haryanto12ManorIndonesia
30%
2014–15Will Stevens18Caterham, MarussiaUK
28%
2010–11Karun Chandhok11HRT, LotusIndia
27%
2010Lucas di Grassi18VirginBrazil
26%
2011–12Jérôme d'Ambrosio20Virgin, LotusBelgium
25%
2015Alexander Rossi5MarussiaUSA
25%
2015Roberto Merhi13MarussiaSpain
22%
2014André Lotterer1CaterhamGermany
22%
2004–06, 2010Christian Klien3HRTAustria
19%
2006–07, 2010Sakon Yamamoto7HRTJapan
16%

Score Distribution

Percentile by Number Answered

Percent of People with Each Score

Your Score History

You have not taken this quiz since the last reset